1894 1628 1070 1032 1438 1413 1717 1340 1166 1395 1180 1492 1344 1596 1502 1615 1475 1459 1253 1172 1123 1793 1722 1465 1414 1663 1179 1266 1498 1902 1283 1396 1760 1303 1346 1705 1062 1310 1630 1671 1636 1638 1488 1338 1766 1986 1757 1808 1236 1530 1587 1051 1732 1432 1136 1405 1436 1587 1948 1911 1165 1763 1277 1439 1681 1095 1203 1918 1509 1296 1452 1418 1745 1814 1931 1405 1621 1018 1738 1412 1426 1688 1655 1565 1955 1810 1562 1295 1231 1999 1834 1257 1571 1352 1733 1729 1272 1790 1020 BCNSPRNW ULIB Ver.6.0+V

เปลี่ยนเป็นภาษาไทย

Change to English
 แสดงรายละเอียดบรรณานุกรม
  กลับหน้าหลัก

Brief Record : Get Marc (ISO 2709) : E-mail record : QR code < ปิดหน้าต่าง
LEADER : 00000nam 2200000uu 4500
001    13399108851
003     ULIB
008    110315s2547||||th 000 0 tha d
060 04 W225.JT3^bส691ค 2547
245 00 คู่มือหลักประกันสุขภาพสำหรับประชาชน /^cคณะผู้จัดทำ, สารีอ๋องสมหวัง ... [และคนอื่นๆ] ; โดยความร่วมมือระหว่าง สำนักงานหลักประกันสุขภาพแห่งชาติ และ มูลนิธิเพื่อผู้บริโภค
260    นนทบุรี :^bสำนักงาน,^c2547
300    128 หน้า :^bภาพประกอบ ;^c21 ซม.
650  7 ประกันสุขภาพ^xคู่มือ
700 0  สารี อ๋องสมหวัง
710 2  สำนักงานหลักประกันสุขภาพแห่งชาติ
710 2  มูลนิธิเพื่อผู้บริโภค
945    ^p0^l0^i021897
995    ทศพร
999 ^a ใช้งานได้ทุกระบบ
รายการนี้ยังไม่มีแท็ก
คุณยังไม่ได้ล็อกอิน คุณสามารถมีกิจกรรมร่วมกับเว็บไซต์ได้ แต่ต้องล็อกอินก่อน ::
  ล็อกอิน

รายการสื่อสารสนเทศ

ลำดับที่ ประเภท เลขเรียก/บาร์โค้ด สถานที่ สถานะ
- ไม่พบข้อมูล -

BibComment


ยังไม่เคยถูกคอมเมนท์

คอมเมนท์ทรัพยากรรายการนี้
  คอมเมนท์: คู่มือหลักประกันส..


 Copyright 2026. Bcnsprnw @Library